000 00379nam a2200181Ia 4500
005 20240823011319.0
008 240823s9999||||xx |||||||||||||| ||und||
041 _aENGLISH
082 _A823
100 _a"Clavell, James"
245 0 _aShogun
250 _a1st
260 _b"Dell,New"
500 _aYES
650 _aGeneral
_bGeneral
942 _cBK
999 _c161162
_d161162